Normal view
MARC view
- حشيمة،سامر محي الدين ؛ تحقيق: أحمد إسماعيل أبو مشرف
Entry Personal Name
001 - CONTROL NUMBER
- control field: 13840
003 - CONTROL NUMBER IDENTIFIER
- control field: JO-AjAnu
005 - DATE AND TIME OF LATEST TRANSACTION
- control field: 20230606072519.0
008 - FIXED-LENGTH DATA ELEMENTS
- fixed length control field: 230606|| aca||aabn | a|a d
040 ## - CATALOGING SOURCE
- Original cataloging agency: JO-AjAnu
- Transcribing agency: JO-AjAnu
100 ## - HEADING--PERSONAL NAME
- Personal name: حشيمة،سامر محي الدين ؛ تحقيق: أحمد إسماعيل أبو مشرف
670 ## - SOURCE DATA FOUND
- Source citation: Work cat.: (JO-AjAnu)7117: حشيمة،سامر محي الدين ؛ تحقيق: أحمد إسماعيل أبو مشرف, author, مواعظ الجالسين من قصص الصالحين: 159 قصة من قصص الصالحين